00383 2200157 4500001002100000005001500021035002000036245005100056100001600107300001200123260003400135082000800169084001400177020002200191990001200213INLIS00000000000175520250505025234 a0010-05250000471 aSpooky Stories :bThe Dormitory /cAndika Kaya0 aAndika Kaya a144 hlm aJakarta :bNoura Books,c2015 a800 a800 AND s a978-602-385-018-1 a0754612